000 00604nam a2200205 a 4500
001 64262
003 BD-RjUL
005 20211209081303.0
008 170212s1929 enk||||| |||| 00| 0 eng d
035 _a(BD-RjUL)64392
040 _aBD-RjUL
_beng
_cBD-RjUL
_dBD-RjUL
041 _aeng
082 _223
_a954.035
_bBET 1929
100 1 _aBevan, Edwyn Robert
_9190846
245 _aThoughts on Indian discontents /
_cEdwyn Robert Bevan
260 _aLondon :
_bG. Allen & Unwin Ltd ,
_c1929
300 _a178 p. ;
_c20 cm
651 _aIndia
_xPolitics and government
_y1919-1947.
_9172110
942 _2ddc
_cBK
999 _c64262
_d64262